[Event "La Pobla de Lillet op-A"]
[Site "La Pobla de Lillet"]
[Date "2022.08.02"]
[Round "1"]
[White "Simon del Sol, Jaume"]
[Black "Cervello Tost, Ferran"]
[Result "0-1"]
[WhiteElo "1969"]
[BlackElo "2320"]
[PlyCount "88"]
[EventDate "2022.08.02"]
[EventType "swiss"]
[EventRounds "9"]
[EventCountry "ESP"]
[SourceTitle "CBM 209 Extra"]
[Source "ChessBase"]
[SourceDate "2022.09.30"]
[SourceVersion "1"]
[SourceVersionDate "2022.09.30"]
[SourceQuality "1"]

1. d4 Nf6 2. Nf3 e6 3. e3 b6 4. Bd3 Bb7 5. Nbd2 d5 6. 0-0 Bd6 7. Qe2 Ne4 8. c4 Nd7 9. a3 0-0 10. b4 c5 11. bxc5 bxc5 12. Bb2 Nxd2 13. Qxd2 dxc4 14. Bxc4 Bxf3 15. gxf3 cxd4 16. Qxd4 Be5 17. Qd2 Qg5+ 18. Kh1 Qf6 19. Bxe5 Qxf3+ 20. Kg1 Nxe5 21. Be2 Rac8 22. Rac1 Qf5 23. f4 Rcd8 24. Qc3 Ng6 25. Rfd1 Nh4 26. Qe1 Rxd1 27. Rxd1 Qf6 28. a4 h6 29. Qf2 a5 30. h3 Rb8 31. Bb5 Rc8 32. Kh2 g5 33. Bd3 Rb8 34. Rd2 gxf4 35. exf4 Kh8 36. Be4 Rb4 37. Qe3 Rxa4 38. Rc2 Nf5 39. Rc8+ Kh7 40. Qg1 Ra2+ 41. Bc2 Qg6 42. Qf2 h5 43. h4 Kg7 44. Rc5 Qg4 0-1

[Event "Vic Primavera op 1st"]
[Site "Vic"]
[Date "2022.05.13"]
[Round "4"]
[White "Lopez Escribano, Ricardo"]
[Black "Simon del Sol, Jaume"]
[Result "1/2-1/2"]
[WhiteElo "1489"]
[BlackElo "1975"]
[PlyCount "79"]
[EventDate "2022.04.22"]
[EventType "swiss"]
[EventRounds "8"]
[EventCountry "ESP"]
[SourceTitle "EXT 2023"]
[Source "ChessBase"]
[SourceDate "2022.10.05"]
[SourceVersion "1"]
[SourceVersionDate "2022.10.05"]
[SourceQuality "1"]

1. e4 c6 2. d4 g6 3. f4 Bg7 4. Nf3 d5 5. e5 h5 6. Nc3 Nh6 7. Be3 Bg4 8. Be2 e6 9. Qd2 Nd7 10. 0-0-0 Qc7 11. h3 Bxf3 12. Bxf3 Nf5 13. g4 Nxe3 14. Qxe3 hxg4 15. hxg4 0-0-0 16. Qd3 Bh6 17. g5 Bg7 18. Rxh8 Rxh8 19. Rh1 Qd8 20. Rxh8 Qxh8 21. Na4 Qh2 22. Qd2 Qg3 23. Be2 Bf8 24. Nc3 Bb4 25. a3 Ba5 26. b4 Bb6 27. Bd1 Bd8 28. Kb2 b5 29. Ne2 Qf2 30. c3 a5 31. Bb3 Kb7 32. Bc2 Nb6 33. Bb3 Be7 34. Kc2 Na8 35. Kd3 a4 36. Ba2 Nb6 37. Qe3 Qf1 38. Qc1 Qg2 39. Qe3 Bf8 40. Kd2 1/2-1/2

[Event "Roncana op-A 13th"]
[Site "Santa Eulalia de Roncana"]
[Date "2019.11.30"]
[Round "8"]
[White "Castillo Martinez, Aran"]
[Black "Simon del Sol, Jaume"]
[Result "1/2-1/2"]
[WhiteElo "1743"]
[BlackElo "2024"]
[PlyCount "90"]
[EventDate "2019.09.28"]
[EventType "swiss"]
[EventRounds "8"]
[EventCountry "ESP"]
[SourceTitle "CBM 193 Extra"]
[Source "ChessBase"]
[SourceDate "2020.01.31"]
[SourceVersion "1"]
[SourceVersionDate "2020.01.31"]
[SourceQuality "1"]

1. d4 Nf6 2. Nf3 b6 3. e3 Bb7 4. Bd3 g6 5. 0-0 Bg7 6. c4 0-0 7. Nc3 d6 8. e4 Nfd7 9. Qc2 Nc6 10. Be3 Nb4 11. Qd2 Nxd3 12. Qxd3 c5 13. d5 Nf6 14. Qd2 Ba6 15. b3 Ng4 16. Bf4 Qc7 17. h3 Ne5 18. Nxe5 dxe5 19. Bh6 Rad8 20. Bxg7 Kxg7 21. Qe3 Bc8 22. f4 exf4 23. Qxf4 Qxf4 24. Rxf4 e5 25. Rf2 f6 26. a3 Bd7 27. Rc2 Rc8 28. Nd1 f5 29. Nf2 h5 30. b4 fxe4 31. Nxe4 Bf5 32. Re2 Rfd8 33. bxc5 Bxe4 34. Rxe4 Rxc5 35. Rxe5 Rxc4 36. Re7+ Kf6 37. Rxa7 Rxd5 38. Rb1 Rc6 39. Rb7 Rdd6 40. Rf1+ Ke6 41. Rbf7 Ke5 42. Re1+ Kd5 43. Rf2 Kc5 44. Rc2+ Kd5 45. Rd2+ Kc5 1/2-1/2

[Event "Roncana op-A 13th"]
[Site "Santa Eulalia de Roncana"]
[Date "2019.11.09"]
[Round "6"]
[White "Soler Colomer, Valenti"]
[Black "Simon del Sol, Jaume"]
[Result "1-0"]
[WhiteElo "2010"]
[BlackElo "2024"]
[PlyCount "75"]
[EventDate "2019.09.28"]
[EventType "swiss"]
[EventRounds "8"]
[EventCountry "ESP"]
[SourceTitle "CBM 193 Extra"]
[Source "ChessBase"]
[SourceDate "2020.01.31"]
[SourceVersion "1"]
[SourceVersionDate "2020.01.31"]
[SourceQuality "1"]

1. d4 d5 2. Nf3 Nf6 3. c4 e6 4. e3 c6 5. b3 Bb4+ 6. Nbd2 Nbd7 7. Qc2 Ne4 8. a3 Nxd2 9. Bxd2 Bxd2+ 10. Qxd2 0-0 11. Bd3 Qf6 12. 0-0 dxc4 13. bxc4 e5 14. Qc2 h6 15. Rfb1 Re8 16. a4 exd4 17. exd4 c5 18. Re1 Rd8 19. d5 b6 20. Rad1 Nf8 21. Ne5 Bd7 22. Re3 Be8 23. Rde1 Qd6 24. Rg3 a6 25. h4 Ra7 26. Rge3 Raa8 27. Rg3 Rab8 28. Qc3 f6 29. Ng4 Kh8 30. Qc1 h5 31. Ne3 Qf4 32. Qc2 Bd7 33. Bf5 Bxf5 34. Nxf5 Re8 35. Ne7 Qd6 36. Rge3 Qd7 37. Qe2 Qg4 38. Qxg4 1-0

[Event "Roncana op-A 13th"]
[Site "Santa Eulalia de Roncana"]
[Date "2019.10.19"]
[Round "4"]
[White "Alvaro Hermosa, Ramon"]
[Black "Simon del Sol, Jaume"]
[Result "1/2-1/2"]
[WhiteElo "1793"]
[BlackElo "2024"]
[PlyCount "79"]
[EventDate "2019.09.28"]
[EventType "swiss"]
[EventRounds "8"]
[EventCountry "ESP"]
[SourceTitle "CBM 193 Extra"]
[Source "ChessBase"]
[SourceDate "2020.01.31"]
[SourceVersion "1"]
[SourceVersionDate "2020.01.31"]
[SourceQuality "1"]

1. e4 d5 2. exd5 Nf6 3. d4 Bg4 4. Be2 Bxe2 5. Qxe2 Qxd5 6. Nf3 e6 7. 0-0 Nbd7 8. Nc3 Qh5 9. Bf4 c6 10. Bg3 Be7 11. Rad1 0-0 12. Ne4 Nxe4 13. Qxe4 Rfe8 14. Ne5 Rad8 15. Rfe1 Nxe5 16. Qxe5 Qxe5 17. Bxe5 Bd6 18. f3 Rd7 19. Bxd6 Rxd6 20. Rd3 Red8 21. Red1 Kf8 22. Kf2 Ke7 23. Ke3 h5 24. h4 g6 25. f4 Rd5 26. c4 Ra5 27. a3 c5 28. dxc5 Rxd3+ 29. Kxd3 Rxc5 30. b4 Rc6 31. Kc3 Ra6 32. Kb3 Rd6 33. Rc1 Rd2 34. Rc2 Rxc2 35. Kxc2 Kd6 36. Kd3 f6 37. Ke4 a6 38. a4 b6 39. Kd4 Kc7 40. Ke4 1/2-1/2

[Event "La Pobla de Lillet op-A 29th"]
[Site "La Pobla de Lillet"]
[Date "2019.08.10"]
[Round "9"]
[White "Simon del Sol, Jaume"]
[Black "Corriguelas Armillas, Frederic"]
[Result "1/2-1/2"]
[WhiteElo "2032"]
[BlackElo "1913"]
[PlyCount "44"]
[EventDate "2019.08.02"]
[EventType "swiss"]
[EventRounds "9"]
[EventCountry "ESP"]
[SourceTitle "EXT 2022"]
[Source "ChessBase"]
[SourceDate "2021.10.06"]
[SourceVersion "1"]
[SourceVersionDate "2021.10.06"]
[SourceQuality "1"]

1. d4 e6 2. Nf3 Nf6 3. Bg5 Be7 4. e3 b6 5. Nbd2 Bb7 6. Bd3 c5 7. c3 cxd4 8. exd4 d6 9. 0-0 0-0 10. Re1 Nbd7 11. a4 a6 12. Bh4 Re8 13. h3 Qc7 14. Bg3 Bf8 15. Qc2 g6 16. Ne4 Nxe4 17. Bxe4 Nf6 18. Bxb7 Qxb7 19. Nd2 Rec8 20. Ne4 Nxe4 21. Qxe4 Qxe4 22. Rxe4 b5 1/2-1/2

[Event "La Pobla de Lillet op-A 29th"]
[Site "La Pobla de Lillet"]
[Date "2019.08.09"]
[Round "8"]
[White "Simon del Sol, Jaume"]
[Black "Capellades Subirana, Marc"]
[Result "0-1"]
[WhiteElo "2032"]
[BlackElo "2194"]
[PlyCount "110"]
[EventDate "2019.08.02"]
[EventType "swiss"]
[EventRounds "9"]
[EventCountry "ESP"]
[SourceTitle "EXT 2022"]
[Source "ChessBase"]
[SourceDate "2021.10.06"]
[SourceVersion "1"]
[SourceVersionDate "2021.10.06"]
[SourceQuality "1"]

1. c4 Nf6 2. Nc3 d5 3. cxd5 Nxd5 4. d4 g6 5. Nf3 Bg7 6. e3 0-0 7. Bc4 c6 8. 0-0 b6 9. Qb3 Bb7 10. Rd1 h6 11. e4 Nxc3 12. bxc3 Ba6 13. Bxa6 Nxa6 14. Ne5 Qd6 15. Bf4 g5 16. Bg3 Bxe5 17. Bxe5 Qd7 18. Qc4 Nc7 19. d5 c5 20. Qe2 f6 21. Bg3 Ne8 22. f4 Ng7 23. f5 Qa4 24. d6 exd6 25. Rxd6 Rae8 26. Re1 Nxf5 27. Qh5 Ng7 28. Qg6 Qxa2 29. Rd7 Rf7 30. Red1 Qe6 31. R1d6 Rxd7 32. Rxe6 Rxe6 33. Qxh6 Rd1+ 34. Kf2 Rd2+ 35. Kf1 Rxe4 36. Qxf6 Ra4 37. Ke1 Rd5 38. Qc6 Re4+ 39. Kf2 Rf5+ 40. Kg1 Re7 41. h3 Kh7 42. Kh2 Rf1 43. Qd5 Rf5 44. Qd3 Kh6 45. Qd6+ Re6 46. Qd7 a5 47. Qd8 Kh7 48. Qd7 Rg6 49. Qd1 c4 50. Qc2 b5 51. Bf2 g4 52. hxg4 Rfg5 53. Bh4 Rxg4 54. g3 Nh5 55. Qf5 Nxg3 0-1

[Event "La Pobla de Lillet op-A 29th"]
[Site "La Pobla de Lillet"]
[Date "2019.08.06"]
[Round "5"]
[White "Simon del Sol, Jaume"]
[Black "Srdoc, Nenad"]
[Result "1/2-1/2"]
[WhiteElo "2032"]
[BlackElo "1925"]
[PlyCount "95"]
[EventDate "2019.08.02"]
[EventType "swiss"]
[EventRounds "9"]
[EventCountry "ESP"]
[SourceTitle "EXT 2020"]
[Source "ChessBase"]
[SourceDate "2019.10.17"]
[SourceVersion "1"]
[SourceVersionDate "2019.10.17"]
[SourceQuality "1"]

1. c4 e5 2. g3 d6 3. Bg2 Nc6 4. Nc3 g6 5. e3 Bg7 6. Nge2 Nge7 7. 0-0 0-0 8. b3 Be6 9. Ba3 Qd7 10. Nd5 f5 11. Rc1 e4 12. Nef4 Bxd5 13. cxd5 Ne5 14. d4 Ng4 15. Qe2 Bh6 16. f3 Bxf4 17. exf4 exf3 18. Bxf3 Nf6 19. Qe6+ Qxe6 20. dxe6 Ned5 21. Rfe1 Rfe8 22. Rc2 Re7 23. Rce2 Rae8 24. Kf1 Nc3 25. Rc2 Ncd5 26. Rce2 Nc3 27. Rc2 Nce4 28. Bxe4 fxe4 29. h3 Nd5 30. Rxe4 Rxe6 31. Rxe6 Rxe6 32. Kf2 Kf7 33. Bc1 Re4 34. Rc4 b5 35. Kf3 Re1 36. Rc2 Ke6 37. Bd2 Rh1 38. Kg2 Rd1 39. Kf3 h5 40. h4 Kd7 41. Kg2 b4 42. Kf2 Nc3 43. Bxc3 bxc3 44. Ke2 Rg1 45. Kf3 Rd1 46. Ke3 Rg1 47. Kf3 Rd1 48. Ke3 1/2-1/2

[Event "La Pobla de Lillet op-A 29th"]
[Site "La Pobla de Lillet"]
[Date "2019.08.03"]
[Round "2"]
[White "Povill Claros, Laura"]
[Black "Simon del Sol, Jaume"]
[Result "0-1"]
[WhiteElo "1678"]
[BlackElo "2032"]
[PlyCount "90"]
[EventDate "2019.08.02"]
[EventType "swiss"]
[EventRounds "9"]
[EventCountry "ESP"]
[SourceTitle "EXT 2020"]
[Source "ChessBase"]
[SourceDate "2019.10.17"]
[SourceVersion "1"]
[SourceVersionDate "2019.10.17"]
[SourceQuality "1"]

1. e4 e6 2. d4 b6 3. Nc3 Bb7 4. Bd3 c5 5. Nf3 cxd4 6. Nxd4 d6 7. 0-0 Nf6 8. Bb5+ Nfd7 9. f3 Be7 10. Be3 0-0 11. Bc4 Qc8 12. Qe2 Ne5 13. Bb3 Nbc6 14. Rfd1 Na5 15. Ndb5 Nac4 16. Bxc4 Nxc4 17. Bc1 a6 18. Nd4 b5 19. b3 Nb6 20. Bb2 Bf6 21. Qf2 Qc5 22. a3 Rfd8 23. b4 Bxd4 24. Qxd4 Qxd4+ 25. Rxd4 Nc4 26. Bc1 Rac8 27. Nd1 Kf8 28. Ra2 Ke7 29. Ne3 Nb6 30. Kf2 Rc7 31. Ke2 Na4 32. Nd1 Rdc8 33. Kd2 d5 34. e5 f6 35. f4 Nb6 36. exf6+ gxf6 37. c3 Bc6 38. Kd3 Be8 39. Rf2 Bg6+ 40. Kd2 Nc4+ 41. Ke1 Nd6 42. Rf3 Be4 43. Rh3 Ke8 44. Rd2 Bf5 45. Re3 Nc4 0-1

[Event "Barcelona Canovelles U2200 op"]
[Site "Barcelona"]
[Date "2018.12.29"]
[Round "6.3"]
[White "Banos, Oscar Francisco"]
[Black "Simon del Sol, Jaume"]
[Result "1-0"]
[WhiteElo "2184"]
[BlackElo "1984"]
[PlyCount "38"]
[EventDate "2018.12.27"]
[EventType "swiss"]
[EventRounds "8"]
[EventCountry "ESP"]
[SourceTitle "EXT 2024"]
[Source "ChessBase"]
[SourceDate "2023.10.10"]
[SourceVersion "1"]
[SourceVersionDate "2023.10.10"]
[SourceQuality "1"]

1. c4 c5 2. Nf3 Nc6 3. Nc3 Nf6 4. g3 g6 5. Bg2 Bg7 6. 0-0 0-0 7. d4 cxd4 8. Nxd4 Nxd4 9. Qxd4 d6 10. Qd2 Rb8 11. b3 Qa5 12. Nd5 Qd8 13. Bb2 Nxd5 14. Bxg7 Kxg7 15. Qxd5 Kg8 16. Rfd1 b6 17. e4 Bb7 18. Qg5 Qc7 19. h4 Qc5 1-0

[Event "Barcelona Canovelles U2200 op"]
[Site "Barcelona"]
[Date "2018.12.29"]
[Round "5.6"]
[White "Salvans Serra, Arnau"]
[Black "Simon del Sol, Jaume"]
[Result "1/2-1/2"]
[WhiteElo "1708"]
[BlackElo "1984"]
[PlyCount "33"]
[EventDate "2018.12.27"]
[EventType "swiss"]
[EventRounds "8"]
[EventCountry "ESP"]
[SourceTitle "EXT 2024"]
[Source "ChessBase"]
[SourceDate "2023.10.10"]
[SourceVersion "1"]
[SourceVersionDate "2023.10.10"]
[SourceQuality "1"]

1. d4 g6 2. Nf3 Bg7 3. e4 d6 4. Bc4 Nf6 5. Qe2 0-0 6. 0-0 c6 7. Bb3 Bg4 8. Rd1 Qc7 9. h3 Bxf3 10. Qxf3 Nbd7 11. Bg5 e5 12. c3 Rae8 13. Nd2 h6 14. Bxf6 Nxf6 15. dxe5 dxe5 16. Nc4 Rd8 17. Bc2 1/2-1/2

[Event "Barcelona Canovelles U2200 op"]
[Site "Barcelona"]
[Date "2018.12.28"]
[Round "3.9"]
[White "Arahuete Marti, Manuel"]
[Black "Simon del Sol, Jaume"]
[Result "1/2-1/2"]
[WhiteElo "1781"]
[BlackElo "1984"]
[PlyCount "43"]
[EventDate "2018.12.27"]
[EventType "swiss"]
[EventRounds "8"]
[EventCountry "ESP"]
[SourceTitle "EXT 2024"]
[Source "ChessBase"]
[SourceDate "2023.10.10"]
[SourceVersion "1"]
[SourceVersionDate "2023.10.10"]
[SourceQuality "1"]

1. c4 c5 2. Nc3 Nc6 3. Nf3 d6 4. d3 g6 5. g3 Bg7 6. Bg2 e6 7. 0-0 Nge7 8. a3 0-0 9. Bd2 a5 10. Qc1 Nf5 11. e3 Bd7 12. Qc2 Rc8 13. Nb5 Be8 14. Bc3 b6 15. Bxg7 Nxg7 16. Nh4 Ne7 17. Qb3 g5 18. Nf3 Nc6 19. Nxg5 a4 20. Qc2 Qxg5 21. Nxd6 Rc7 22. Nb5 1/2-1/2

[Event "Barcelona Canovelles U2200 op"]
[Site "Barcelona"]
[Date "2018.12.28"]
[Round "4.8"]
[White "Simon del Sol, Jaume"]
[Black "Tornay Gomez, Raul"]
[Result "1-0"]
[WhiteElo "1984"]
[BlackElo "1856"]
[PlyCount "121"]
[EventDate "2018.12.27"]
[EventType "swiss"]
[EventRounds "8"]
[EventCountry "ESP"]
[SourceTitle "EXT 2024"]
[Source "ChessBase"]
[SourceDate "2023.10.10"]
[SourceVersion "1"]
[SourceVersionDate "2023.10.10"]
[SourceQuality "1"]

1. c4 e6 2. Nc3 Nf6 3. g3 Be7 4. Bg2 0-0 5. e4 d6 6. d4 Re8 7. Nge2 Nbd7 8. 0-0 Nf8 9. Qc2 e5 10. dxe5 dxe5 11. Rd1 Bd7 12. Nd5 h6 13. a3 Qc8 14. Nxe7+ Rxe7 15. f3 Bh3 16. Be3 Bxg2 17. Kxg2 Ne6 18. Rd3 c5 19. Nc3 Nd4 20. Qd1 Nh7 21. Nd5 Re6 22. Rc1 Qd7 23. Bxd4 cxd4 24. f4 exf4 25. Rxd4 Qc6 26. gxf4 Rae8 27. Qf3 Nf6 28. e5 Nxd5 29. Qxd5 Rg6+ 30. Kh1 Qb6 31. b4 Rf8 32. Rc3 Rg4 33. Qd6 Rg6 34. Qxb6 Rxb6 35. Rd6 Rc6 36. c5 Rc7 37. Kg2 Rfc8 38. Kf3 Kf8 39. h4 Ke7 40. Ke4 a5 41. f5 axb4 42. axb4 Ra8 43. f6+ gxf6 44. exf6+ Ke8 45. Rg3 Kf8 46. Kd5 Re8 47. Rg7 Re6 48. Rxe6 fxe6+ 49. Kxe6 Rxg7 50. fxg7+ Kxg7 51. b5 Kg6 52. c6 bxc6 53. bxc6 Kh5 54. c7 Kxh4 55. c8Q h5 56. Qg8 Kh3 57. Kf5 h4 58. Kf4 Kh2 59. Kf3 h3 60. Kf2 Kh1 61. Qg1# 1-0

[Event "Barcelona Canovelles U2200 op"]
[Site "Barcelona"]
[Date "2018.12.27"]
[Round "2.10"]
[White "Simon del Sol, Jaume"]
[Black "Costa Trave, Jaume"]
[Result "1/2-1/2"]
[WhiteElo "1984"]
[BlackElo "1771"]
[PlyCount "86"]
[EventDate "2018.12.27"]
[EventType "swiss"]
[EventRounds "8"]
[EventCountry "ESP"]
[SourceTitle "EXT 2024"]
[Source "ChessBase"]
[SourceDate "2023.10.10"]
[SourceVersion "1"]
[SourceVersionDate "2023.10.10"]
[SourceQuality "1"]

1. c4 c6 2. Nc3 d5 3. e3 e6 4. Nf3 Bd6 5. Be2 f5 6. Qc2 Nf6 7. Rb1 0-0 8. b4 e5 9. d4 e4 10. Ne5 Qe7 11. cxd5 cxd5 12. Nb5 a6 13. Nxd6 Qxd6 14. Qc5 Qxc5 15. bxc5 Nbd7 16. Nxd7 Nxd7 17. Bd2 Rf7 18. f4 Nb8 19. Rb6 Nc6 20. Kf2 Be6 21. Rhb1 Ra7 22. Bd1 Re7 23. Ba4 Rc7 24. h3 Kf7 25. Bd1 g6 26. g4 Kf6 27. g5+ Ke7 28. h4 Nb8 29. Ba4 Bd7 30. Bxd7 Rxd7 31. h5 Nc6 32. hxg6 hxg6 33. Rh1 Kf8 34. Rh8+ Kg7 35. Rh6 Ra8 36. Rb1 Rh8 37. Rxh8 Kxh8 38. Kg2 Rh7 39. Be1 Kg8 40. Rb6 Kf8 41. Rb3 Ke8 42. Rb2 Kd8 43. Rb3 Kc7 1/2-1/2

[Event "Moia op 7th"]
[Site "Moia"]
[Date "2018.10.26"]
[Round "6"]
[White "Simon del Sol, Jaume"]
[Black "Junyent Llobet, Joaquim"]
[Result "0-1"]
[WhiteElo "1984"]
[BlackElo "2031"]
[PlyCount "122"]
[EventDate "2018.09.14"]
[EventType "swiss"]
[EventRounds "8"]
[EventCountry "ESP"]
[SourceTitle "CBM 189 Extra"]
[Source "ChessBase"]
[SourceDate "2019.06.03"]
[SourceVersion "1"]
[SourceVersionDate "2019.06.03"]
[SourceQuality "1"]

1. c4 e5 2. Nc3 g6 3. g3 Bg7 4. Bg2 Nh6 5. d3 d6 6. e4 Nc6 7. h3 0-0 8. Be3 f5 9. Qd2 Nf7 10. Nge2 Nd4 11. 0-0 f4 12. gxf4 Bxh3 13. Nxd4 Bxg2 14. Ne6 Qh4 15. Kxg2 Qg4+ 16. Kh2 exf4 17. f3 Qh4+ 18. Kg1 fxe3 19. Qh2 Qf6 20. Nxg7 Kxg7 21. Nd5 Qd4 22. Qe2 Ne5 23. Qxe3 Qxe3+ 24. Nxe3 Nxf3+ 25. Kg2 Nd4 26. b4 Rae8 27. Rac1 Ne2 28. Rcd1 c6 29. Rfe1 Nf4+ 30. Kg3 Re5 31. Ng4 Nh5+ 32. Kh4 Re6 33. Rf1 Nf4 34. Kg3 Ne2+ 35. Kg2 h5 36. Rxf8 Kxf8 37. Nh2 Kg7 38. Nf3 Kh6 39. Kf2 Nc3 40. Rd2 d5 41. cxd5 cxd5 42. e5 g5 43. Rc2 Na4 44. Rc7 g4 45. Nd4 Rxe5 46. Rxb7 Nb2 47. Rxa7 Nxd3+ 48. Kg2 Nxb4 49. Rb7 Nxa2 50. Rb6+ Kg5 51. Ne6+ Kf5 52. Ng7+ Ke4 53. Rh6 Nc3 54. Nxh5 Ne2 55. Ng3+ Nxg3 56. Kxg3 Ke3 57. Rh1 Re4 58. Rd1 d4 59. Re1+ Kd3 60. Ra1 Ke2 61. Ra2+ Ke3 0-1

[Event "La Pobla de Lillet op-A 28th"]
[Site "La Pobla de Lillet"]
[Date "2018.08.06"]
[Round "6"]
[White "Simon del Sol, Jaume"]
[Black "Renteria Becerra, Jorge Elicer"]
[Result "0-1"]
[WhiteElo "1987"]
[BlackElo "2280"]
[PlyCount "66"]
[EventDate "2018.08.01"]
[EventType "swiss"]
[EventRounds "9"]
[EventCountry "ESP"]
[SourceTitle "CBM 185 Extra"]
[Source "ChessBase"]
[SourceDate "2018.07.29"]
[SourceVersion "1"]
[SourceVersionDate "2018.07.29"]
[SourceQuality "1"]

1. Nf3 Nf6 2. g3 g6 3. Bg2 Bg7 4. 0-0 0-0 5. c4 d6 6. Nc3 Nbd7 7. d4 c6 8. e4 e5 9. dxe5 Nxe5 10. Nxe5 dxe5 11. Qc2 Be6 12. b3 Qc7 13. h3 Rad8 14. a4 a5 15. Be3 Nd7 16. f3 Rfe8 17. Rad1 Bf8 18. Qf2 b6 19. Rfe1 Bb4 20. Qc2 Bc5 21. Bxc5 Nxc5 22. Bf1 Qe7 23. Rxd8 Rxd8 24. Rd1 Rxd1 25. Nxd1 Qd7 26. Nf2 Qd4 27. Kg2 Qa1 28. Be2 Kg7 29. Nd3 Bxh3+ 30. Kh2 Nxd3 31. Qxd3 Be6 32. Qe3 Qe1 33. Kg2 Bh3+ 0-1

[Event "Vall del Tenes op 6th"]
[Site "Santa Eulalia de Roncana"]
[Date "2017.06.09"]
[Round "7"]
[White "Simon del Sol, Jaume"]
[Black "Mas Recorda, Pere"]
[Result "1/2-1/2"]
[WhiteElo "1928"]
[BlackElo "1968"]
[PlyCount "36"]
[EventDate "2017.04.21"]
[EventType "swiss"]
[EventRounds "8"]
[EventCountry "ESP"]
[SourceTitle "CBM 189 Extra"]
[Source "ChessBase"]
[SourceDate "2019.06.03"]
[SourceVersion "1"]
[SourceVersionDate "2019.06.03"]
[SourceQuality "1"]

1. d4 d5 2. Nf3 e6 3. Bf4 f5 4. h3 Nf6 5. c4 c6 6. Nc3 Bd6 7. e3 Qe7 8. Bd3 0-0 9. 0-0 Ne4 10. Bxe4 Bxf4 11. Bd3 Bd6 12. Qb3 Nd7 13. Rfe1 Kh8 14. cxd5 exd5 15. Qc2 g6 16. Nh2 Bxh2+ 17. Kxh2 Nf6 18. f4 Be6 1/2-1/2

[Event "Vall del Tenes op 6th"]
[Site "Santa Eulalia de Roncana"]
[Date "2017.05.19"]
[Round "5"]
[White "Simon del Sol, Jaume"]
[Black "Ruiz Planas, Adelito"]
[Result "1-0"]
[WhiteElo "1928"]
[BlackElo "1765"]
[PlyCount "71"]
[EventDate "2017.04.21"]
[EventType "swiss"]
[EventRounds "8"]
[EventCountry "ESP"]
[SourceTitle "CBM 189 Extra"]
[Source "ChessBase"]
[SourceDate "2019.06.03"]
[SourceVersion "1"]
[SourceVersionDate "2019.06.03"]
[SourceQuality "1"]

1. d4 Nf6 2. Nf3 d5 3. Bf4 Bf5 4. e3 h6 5. Bd3 Bxd3 6. Qxd3 c6 7. Nbd2 Nbd7 8. 0-0 e6 9. c4 Be7 10. h3 0-0 11. c5 Nh5 12. Bh2 f5 13. b4 Nhf6 14. b5 Ne4 15. Rab1 g5 16. bxc6 bxc6 17. Ne5 Nxe5 18. Bxe5 Bf6 19. Bxf6 Qxf6 20. Rb7 g4 21. hxg4 Nxd2 22. Qxd2 fxg4 23. Qe2 h5 24. Qa6 h4 25. Qxc6 h3 26. Qc7 Qg6 27. gxh3 Rf3 28. Rb8+ Rxb8 29. Qxb8+ Kf7 30. Qb7+ Kg8 31. Qc8+ Kf7 32. Qc7+ Kg8 33. Qd8+ Kf7 34. h4 g3 35. Qg5 Qd3 36. Qh5+ 1-0

[Event "Vall del Tenes op 6th"]
[Site "Santa Eulalia de Roncana"]
[Date "2017.04.28"]
[Round "2"]
[White "Barea Serra, Josep"]
[Black "Simon del Sol, Jaume"]
[Result "0-1"]
[WhiteElo "1613"]
[BlackElo "1928"]
[PlyCount "76"]
[EventDate "2017.04.21"]
[EventType "swiss"]
[EventRounds "8"]
[EventCountry "ESP"]
[SourceTitle "CBM 189 Extra"]
[Source "ChessBase"]
[SourceDate "2019.06.03"]
[SourceVersion "1"]
[SourceVersionDate "2019.06.03"]
[SourceQuality "1"]

1. Nf3 d5 2. b3 Bg4 3. Bb2 Nd7 4. d4 Bxf3 5. exf3 e6 6. Bd3 Bd6 7. 0-0 Ngf6 8. Nd2 0-0 9. c4 c6 10. g3 Rc8 11. f4 g6 12. Nf3 Re8 13. Ne5 Bf8 14. Kg2 a6 15. a3 c5 16. Qe2 cxd4 17. Bxd4 dxc4 18. Bxc4 b5 19. Bd3 Nc5 20. Bxc5 Rxc5 21. b4 Qd5+ 22. Kg1 Rc3 23. Rfc1 Rec8 24. Rd1 Qb7 25. f3 Qb6+ 26. Kh1 Qc7 27. Qe3 Nd5 28. Qd2 Bg7 29. Re1 Nb6 30. Be4 Rd8 31. Qe2 Bxe5 32. fxe5 Nc4 33. a4 Qxe5 34. axb5 axb5 35. Qf2 Re3 36. Red1 Rxd1+ 37. Rxd1 Kg7 38. Rc1 Qd4 0-1

[Event "Vall del Tenes op 6th"]
[Site "Santa Eulalia de Roncana"]
[Date "2017.04.21"]
[Round "1"]
[White "Simon del Sol, Jaume"]
[Black "Martinez Navaro, Josep M"]
[Result "1-0"]
[WhiteElo "1928"]
[BlackElo "1493"]
[PlyCount "81"]
[EventDate "2017.04.21"]
[EventType "swiss"]
[EventRounds "8"]
[EventCountry "ESP"]
[SourceTitle "CBM 189 Extra"]
[Source "ChessBase"]
[SourceDate "2019.06.03"]
[SourceVersion "1"]
[SourceVersionDate "2019.06.03"]
[SourceQuality "1"]

1. d4 d5 2. Nf3 Nc6 3. Bf4 f6 4. e3 a6 5. h3 e6 6. c4 Bd6 7. Nc3 Bxf4 8. exf4 Nge7 9. c5 0-0 10. Bd3 Nf5 11. 0-0 Ncxd4 12. Nxd4 Nxd4 13. Bxh7+ Kxh7 14. Qxd4 c6 15. Na4 Qe8 16. Nb6 Rb8 17. Rfe1 Kg8 18. Re3 Rf7 19. Rae1 Re7 20. b4 e5 21. fxe5 fxe5 22. Rxe5 Rxe5 23. Qxe5 Qxe5 24. Rxe5 Kf7 25. g4 Be6 26. a3 d4 27. Re2 Rd8 28. Rd2 d3 29. f3 Bb3 30. Kf2 Bc2 31. Nc4 Rh8 32. Ne5+ Kf6 33. Nxd3 Rxh3 34. Kg2 Bxd3 35. Kxh3 Bc4 36. f4 Be6 37. Kh4 g6 38. Rd6 Kf7 39. Kg5 Ke7 40. Rxe6+ Kxe6 41. Kxg6 1-0

[Event "La Pobla de Lillet op 27th"]
[Site "La Pobla de Lillet"]
[Date "2017.??.??"]
[Round "9"]
[White "Ayza Ballester, Jordi"]
[Black "Simon del Sol, Jaume"]
[Result "1-0"]
[WhiteElo "2204"]
[BlackElo "1934"]
[PlyCount "77"]
[EventDate "2017.08.01"]
[EventType "tourn"]
[EventRounds "9"]
[EventCountry "ESP"]
[SourceTitle "CBM 179 Extra"]
[Source "ChessBase"]
[SourceDate "2017.08.23"]
[SourceVersion "1"]
[SourceVersionDate "2017.08.23"]
[SourceQuality "1"]

1. e4 c6 2. d4 d5 3. Nc3 dxe4 4. Nxe4 Bf5 5. Ng3 Bg6 6. Nf3 h6 7. Ne5 Bh7 8. Qf3 Nf6 9. Qb3 e6 10. Qxb7 Nbd7 11. Nxc6 Qc8 12. Ba6 Qxb7 13. Bxb7 Rb8 14. Nxb8 Nxb8 15. Bf4 Nbd7 16. 0-0 Be7 17. c4 0-0 18. Rac1 g5 19. Bc7 Ne8 20. Ba5 Nd6 21. Bc6 Nb8 22. Bf3 g4 23. Bxg4 Nc6 24. Bd2 Nxd4 25. c5 Ne4 26. Nxe4 Bxe4 27. Bxh6 Rb8 28. b3 Kh7 29. Be3 Nc2 30. Rfd1 Nxe3 31. fxe3 Rg8 32. Bh3 Bc6 33. g3 Rg5 34. Bg2 Bxg2 35. Kxg2 Bxc5 36. Rd7 Kg6 37. e4 Bb6 38. b4 Re5 39. Rc4 1-0